000 00740nam a2200277Ia 4500
003 OSt
005 20221005032311.0
006 a|||||r|||| 00| 0
007 ta
008 221004b |||||||| |||| 00| 0 eng d
020 _a0256103216
024 _a21875
037 _cTextual
040 _aCRL
_cCRL
_beng
041 _2eng
_aeng
082 _aY:uf, N5
100 _aAlreck Pamela L
_9584990
245 0 _aSurvey research handbook
260 _aChicago
_bIRWIN USA
_c1995
300 _a470p.
_ccm.
650 _a SOCIOLOGY
650 _aRESEARCH METHODS - SURVEY
_9584991
700 _a Settle Robert B
_9584992
942 _hY:uf, N5
_cTEXL
_2cc
999 _c939500
_d939500